Billboard Hot 100 #1 Hits of 2005 - Statistics

General Stats
  • This quiz has been taken 10 times
  • The average score is 18 of 53
Answer Stats
Issue Date #1 Hit Artist % Correct
September 17 Gold Digger Kaney West ft. Jamie Foxx
67%
September 24 Gold Digger Kaney West ft. Jamie Foxx
67%
October 1 Gold Digger Kaney West ft. Jamie Foxx
67%
October 8 Gold Digger Kaney West ft. Jamie Foxx
67%
October 15 Gold Digger Kaney West ft. Jamie Foxx
67%
October 22 Gold Digger Kaney West ft. Jamie Foxx
67%
October 29 Gold Digger Kaney West ft. Jamie Foxx
67%
November 5 Gold Digger Kaney West ft. Jamie Foxx
67%
November 12 Gold Digger Kaney West ft. Jamie Foxx
67%
November 19 Gold Digger Kaney West ft. Jamie Foxx
67%
May 7 Hollaback Girl Gwen Stefani
67%
May 14 Hollaback Girl Gwen Stefani
67%
May 21 Hollaback Girl Gwen Stefani
67%
May 28 Hollaback Girl Gwen Stefani
67%
March 5 Candy Shop 50 Cent ft. Olivia
44%
March 12 Candy Shop 50 Cent ft. Olivia
44%
March 19 Candy Shop 50 Cent ft. Olivia
44%
March 26 Candy Shop 50 Cent ft. Olivia
44%
April 2 Candy Shop 50 Cent ft. Olivia
44%
April 9 Candy Shop 50 Cent ft. Olivia
44%
April 16 Candy Shop 50 Cent ft. Olivia
44%
April 23 Candy Shop 50 Cent ft. Olivia
44%
April 30 Candy Shop 50 Cent ft. Olivia
44%
January 1 Let Me Love You Mario
22%
January 8 Let Me Love You Mario
22%
January 15 Let Me Love You Mario
22%
January 22 Let Me Love You Mario
22%
January 29 Let Me Love You Mario
22%
February 5 Let Me Love You Mario
22%
February 12 Let Me Love You Mario
22%
February 19 Let Me Love You Mario
22%
February 26 Let Me Love You Mario
22%
June 4 We Belong Together Mariah Carey
22%
June 11 We Belong Together Mariah Carey
22%
June 18 We Belong Together Mariah Carey
22%
June 25 We Belong Together Mariah Carey
22%
July 9 We Belong Together Mariah Carey
22%
July 16 We Belong Together Mariah Carey
22%
July 23 We Belong Together Mariah Carey
22%
July 30 We Belong Together Mariah Carey
22%
August 6 We Belong Together Mariah Carey
22%
August 13 We Belong Together Mariah Carey
22%
August 20 We Belong Together Mariah Carey
22%
August 27 We Belong Together Mariah Carey
22%
September 3 We Belong Together Mariah Carey
22%
September 10 We Belong Together Mariah Carey
22%
December 31 Don't Forget Us Mariah Carey
0%
July 2 Inside Your Heaven Carrie Underwood
0%
November 26 Run It! Chris Brown
0%
December 3 Run It! Chris Brown
0%
December 10 Run It! Chris Brown
0%
December 17 Run It! Chris Brown
0%
December 24 Run It! Chris Brown
0%
No matching quizzes found
Score Distribution
Percent of People with Each Score
Percentile by Number Answered
Your Score History
You have not taken this quiz